000 00558nam a2200229Ia 4500
003 OSt
005 20220918192707.0
006 a|||||r|||| 00| 0
007 ta
008 220917b |||||||| |||| 00| 0 eng d
024 _a69,671
037 _cTextual
040 _aARTS
_cARTS
_beng
041 _2eng
_aeng
082 _aQv262:N3, K4
100 _aRay B G
_979818
245 0 _aReligious movements in modern Bengal
260 _c1964
650 _aRELIGION
942 _hQv262:N3, K4
_cTEXL
_2CC
999 _c195804
_d195804